Grab Bag: Single-Point Scrabble Quiz Stats

 Plays Quiz Updated Feb 7, 2020

Support Sporcle.
Go Orange.
Score 0/28 Timer 05:00
2 Plays Today
Type Answer % Correct
NumbersOne
93.7%
NumbersTen
89.9%
NumbersNine
86.6%
PlanetsSaturn
80%
PlanetsUranus
76.9%
NumbersNineteen
55.7%
Zodiac SignsLeo
54.5%
Zodiac SignsAries
49.4%
US StatesIllinois
46.1%
Zodiac SignsTaurus
44.5%
ElementsIron
42.6%
US StatesTennessee
36.7%
CountriesIran
36.2%
ElementsNeon
35.7%
Type Answer % Correct
ElementsTin
30.7%
US StatesLouisiana
30.1%
CountriesRussia
28.8%
CountriesAustralia
26.8%
CountriesAustria
26.1%
CountriesLaos
25.9%
CountriesIsrael
17.5%
CountriesEstonia
16.4%
CountriesEritrea
13.9%
CountriesNauru
12.8%
CountriesTunisia
11.3%
CountriesSierra Leone
4.3%
ElementsAstatine
3.9%
ElementsTennessine
2.4%

From the Vault

German Borders Minefield

by 31415926535

Geography 30s
Do you know how many borders Germany has? Nein.
Remove Ads.
Support Sporcle.
Get the best of Sporcle when you Go Orange. This ad-free experience offers more features, more stats, and more fun while also helping to support Sporcle. Thank you for becoming a member.

Show Comments

Extras

Top Quizzes Today


Score Distribution

Your Account Isn't Verified!

In order to create a playlist on Sporcle, you need to verify the email address you used during registration. Go to your Sporcle Settings to finish the process.

Report this User

Report this user for behavior that violates our Community Guidelines.

Details: